| 000 | 00322nam a22001217a 4500 | ||
|---|---|---|---|
| 020 | _a9788126539895 | ||
| 082 |
_a551.49 _bPIN/GR |
||
| 100 |
_aPinder,George F. _9665 |
||
| 245 | _aGroundwater Modeling:Using Geographical Information Systems | ||
| 260 |
_aNew Delhi _bWiley India Pvt.Ltd _c2013 |
||
| 300 | _a233 | ||
| 942 | _cBK | ||
| 999 |
_c14412 _d14412 |
||